Unusual NCAA Basketball Team Names - Statistics

General Stats
  • This quiz has been taken 67 times
  • The average score is 13 of 19
Answers on the Grid
Answers color-coded by a green-red scale on the quiz's grid according to % correct below.
Jaspers
Golden Griffins
Canebreakers
Keydets
Soaring Herons
Claymores
Hatters
Delta Devils
Gauchos
Convicts
Vandals
Grenadiers
Beach
Fighting Camels
Goblins
Uplanders
Blue Hose
Billikens
Warblers
Chanticleers
Hedgehogs
Mastodons
Rainbow Warriors
Toreros
Hound Dogs
Mocs
Rapscallions
Norse
Salukis
Croakers
Amateurs
Paladins
 
Answer Stats
Answer % Correct
Golden Griffins
84%
Vandals
82%
Chanticleers
78%
Delta Devils
78%
Rainbow Warriors
78%
Fighting Camels
73%
Gauchos
73%
Salukis
73%
Billikens
71%
Jaspers
69%
Hatters
67%
Mastodons
67%
Paladins
67%
Norse
65%
Mocs
63%
Keydets
61%
Blue Hose
53%
Toreros
53%
Beach
43%
No matching quizzes found
Score Distribution
Percent of People with Each Score
Percentile by Number Answered
Your Score History
You have not taken this quiz